Kluby w Lidze Mistrzów/Europy/Konferencji w sezonie 2024/25 - Statystyki

Ogólne statystyki
  • Ten quiz został rozwiązany 27 razy
  • Średni wynik to 57 z 108
Statystyki odpowiedzi
Hint Odpowiedź % Poprawnych
LM Bayer Leverkusen
100%
LKE Jagiellonia Białystok
100%
LKE Legia Warszawa
100%
LM Bayern Monachium
96%
LM Inter
96%
LM Real Madryt
96%
LM Manchester City
92%
LE Manchester United
92%
LKE Real Betis
92%
LE Ajax
88%
LM Atletico Madryt
88%
LM Borussia Dortmund
88%
LKE Chelsea
88%
LM FC Barcelona
88%
LM Juventus
88%
LM Liverpool
88%
LM PSG
88%
LM RB Lipsk
88%
LM Sporting
88%
LM AC Milan
83%
LM Aston Villa
83%
LM Benfica
83%
LE FC Porto
83%
LM Arsenal
79%
LM Feyenoord
79%
LM Slovan Bratysława
79%
LM Young Boys
79%
LM Atalanta
75%
LM Dinamo Zagrzeb
75%
LKE FC Kopenhaga
75%
LM Monaco
75%
LM RB Salzburg
75%
LE Real Sociedad
75%
LM Sparta Praga
75%
LM Brest
71%
LE Dynamo Kijów
71%
LM Lille
71%
LE Tottenham
71%
LE AS Roma
67%
LM Bologna
67%
LE Braga
67%
LKE Fiorentina
67%
LE Lazio
67%
LM PSV
67%
LM Celtic
63%
LM Club Brugge
63%
LE Galatasaray
63%
LM Szachtar Donieck
63%
LE Anderlecht
58%
LE Bodo/Glimt
58%
LM Girona
58%
LE Slavia Praga
58%
LM VfB Stuttgart
58%
LM Crvena zvezda
54%
LE Fenerbahce
54%
LKE Gent
54%
LKE Molde
54%
LE AZ Alkmaar
50%
LE Besiktas
50%
LKE Heidenheim
50%
LE Olympiakos
50%
LKE Panathinaikos
50%
LE PAOK
50%
LE Rangers
50%
LE Athletic Bilbao
46%
LKE Dynamo Mińsk
46%
LE Eintracht Frankfurt
46%
LE Lyon
46%
LKE Basaksehir
42%
LE Nice
42%
LM Sturm Graz
42%
LKE Cercle Brugge
38%
LKE Celje
33%
LE FCSB
33%
LE Ferencvaros
33%
LKE HJK
33%
LKE Omonia
33%
LE Twente
33%
LE Viktoria Pilzno
33%
LKE APOEL
29%
LKE Djurgarden
29%
LKE Lugano
25%
LKE Mlada Bolesław
25%
LKE Petrocub
25%
LE Elfsborg
21%
LKE Hearts
21%
LKE LASK
21%
LE Midtjylland
21%
LE RFS
21%
LKE Shamrock Rovers
21%
LKE St.Gallen
21%
LKE Vitoria Guimaraes
21%
LE Karabach Agdam
17%
LE Łudogorec Razgrad
17%
LKE Noah
17%
LKE Paphos
17%
LKE Vikingur Reykjavik
17%
LKE Larne
13%
LE Maccabi Tel Aviv
13%
LKE Olimpija Ljubljana
13%
LE TSG Hoffenheim
13%
LE Malmo FF
8%
LKE TSC Backa Topola
8%
LKE Borac Banja Luka
4%
LKE FC Astana
4%
LE Royale Union SG
0%
LKE SK Rapid Wiedeń
0%
LKE The New Saints
0%
Nie znaleziono quizów pasujących do podanych kryteriów
Rozkład punktacji
Procent ludzi z każdym wynikiem
Percentyl według liczby udzielonych odpowiedzi
Twoja historia wyników
Nie rozwiązałeś tego quizu